000 00754nam a2200217 i 4500
999 _c358009
_d358009
001 000000282068
003 IT-MiSPE
005 20180925160935.0
008 031002nuuuuuuuuxx 000 b ger c
040 _aIT-MiSPE
_bita
_cIT-MiSPE
041 _ager
082 _a833-MAN th bu (23192)
100 1 _aMann, Thomas,
_cPremio Nobel (1929)
_d1875-1955.
_eautore
_957383
245 1 0 _aBuddenbrooks :
_bVerfall einer Familie /
_cThomas Mann.
260 _aBerlin :
_bFischer (Lizenzausgabe für den Bertelsmann Lesering),
_c1957
300 _a704 p. ;
_c19 cm
655 0 7 _aLingua e letteratura tedesca
_xVari altri autori: opere originali e studi.
_2local
_957384
942 _2ddc
_cBK